000 00757nam a2200253 a 4500
999 _c12264
_d12264
001 12264
003 BD-JhCC
005 20220616134023.0
008 210916b2008 nyu |||| ||a| 000 0 eng d
020 _a9781565643659
035 _a(BD-JhCC)12264
040 _aBD-JhCC
_dBD-JhCC
041 _aenglish
082 _a297.242
_bSUL 2008
100 _aSulayman,Abdulhamid Abu
245 _aThe Qur'anic Worldview:
_bA Springboard For Cultural Reform /
_cAbdulhamid Abu Sulayman.
260 _aLondon:
_bthe international institute of islamic thought;
_c2008.
300 _aXI-XXIII,179 P. :
_c22 cm.
650 _aIslamic eschatology- Quranic teaching
650 _aIslamic cosmology
650 _aTheology
942 _2ddc
_cBK
_02